[Event "EU-Cup 16th"]
[Site "Neum"]
[Date "2000.09.27"]
[Round "4.3"]
[White "Golod, Vitali"]
[Black "Rozentalis, Eduardas"]
[Result "0-1"]
[WhiteElo "2590"]
[BlackElo "2570"]
[Annotator "Rozentalis,E"]
[PlyCount "60"]
[EventDate "2000.09.24"]
[EventType "team-swiss"]
[EventRounds "7"]
[EventCountry "BIH"]
[SourceTitle "CBM 080"]
[Source "ChessBase"]
[SourceDate "2001.01.25"]
[SourceVersion "1"]
[SourceVersionDate "2001.01.25"]
[SourceQuality "1"]
[WhiteTeam "Beer Sheva"]
[BlackTeam "Warsaw Polonia"]
[WhiteTeamCountry "ISR"]
[BlackTeamCountry "POL"]

1. d4 {Golod,V} Nf6 2. c4 e6 3. Nc3 Bb4 4. f3 d5 5. a3 Bxc3+ 6. bxc3 c6 {
[The main idea is to take back with the "c" pawn, when sooner or later white
will take on d5.]} 7. Qc2 {Golod,V: 'Relatively new idea.Repeatedly was
checked in the previous games:7.e3'} ({Also interestingly:} 7. e4 $5 {(Golod,V)
See comments to Volkov,S-Dautov,R/ Batumi,1999/CBM 74 (1/2-1/2)(Dautov,R)(69)})
(7. e3 {Golod,V}) 7... O-O ({Most probably, slightly dubious:} 7... dxc4 {
(Golod,V) in view of:} 8. e4 b5 9. a4 Nbd7 10. Ba3 Qc7 11. Ne2 a6 12. e5 Nd5
13. Bd6 {[%csl Yd6]} Qd8 14. Ng3 (14. Qd2 $5 {[%cal Yd2g5]}) 14... Qg5 15. Qd2
Qxd2+ 16. Kxd2 $44 {Moskalenko,V-Vehi Bach,V/Paretana,1999 (1/2-1/2)(53)}) (
7... b6 $143 {Golod,V} 8. cxd5 cxd5 9. e4 Bb7 10. Bb5+ $1 Bc6 11. a4 dxe4 12.
fxe4 O-O 13. e5 Nd5 14. Nf3 {[%cal Yf3g5]} h6 15. O-O Qc7 16. Be2 $1 Bb7 17. c4
Rc8 18. Qd2 Ne7 19. Ba3 $16 {Sakaev,K-Yudasin,L/St.Petersburg,1997 (1-0)(49)})
8. cxd5 ({Also insufficiently for advantage:} 8. e4 {Golod,V because of:} dxe4
9. fxe4 e5 $1 $13 {Wells,P}) 8... cxd5 9. e4 dxe4 10. fxe4 e5 11. d5 $6 Nbd7 {
'N!' Golod,V. Golod,V: 'Very strong and at the same time easy move.Black's
plan is:Nc5 with pressure in the pawns centre of the white,and,probably
advance f7-f5.From my point of view this novelty brings black at least
equality.'} ({Against I.Khenkin (Bundesliga 99/00) I played} 11... Qa5 {
, which was simple waste of time. Black has to attack the centre immediately.})
({Dubious:} 11... Qa5 {(Golod,V) You can see comments to:  Khenkin,I-
Rozentalis,E/Germany,2000/CBM 75 (1-0)(Wells,P)(38)}) ({and} 11... Ne8 {
[%cal Gf7f5] Golod,V} 12. Nf3 f5 13. Bd3 Nd6 14. c4 $1 (14. O-O $143 fxe4 15.
Bxe4 Qb6+ $13) 14... fxe4 15. Bxe4 Nxe4 16. Qxe4 $14) 12. Bd3 ({Leads to
tactical complications:} 12. Nh3 {Golod,V} Nc5 13. Nf2 Nfxe4 $1 14. Nxe4 $140
Bf5 15. Qf2 $1 {[%csl Rc5,Rf5] This only move was mentioned by Fritz 6 after
the game:} (15. Bd3 $2 Nxd3+ 16. Qxd3 Qh4+ $19) 15... Nxe4 16. Qxf5 Qh4+ 17. g3
(17. Ke2 Nxc3+ $40) 17... Nxg3 18. hxg3 Qxh1 19. c4 Rac8 $15) (12. Nf3 $5 {
Golod,V} Nc5 13. Bd3 {see comments to 13.Nf3}) 12... Nc5 {'|^' Golod,V.} 13.
Bg5 {'?!' Golod,V. Golod,V: 'Earnest inexactitude.'} (13. Nf3 Nfxe4 ({or} 13...
Bf5) (13... Bf5 $5) 14. Bxe4 f5 {with advantage for black} (14... f5 {Golod,V}
15. Bd3 e4 16. Be2 exf3 17. Bxf3 Re8+ 18. Kf1 $15)) ({Quite weakly:} 13. Be3 $2
{Golod,V in view of:} Nfxe4 {[%csl Gd8,Re1][%cal Gd8h4]}) 13... h6 14. Bh4 (14.
Bxf6 Qxf6 15. Nf3 Qf4 $17) 14... Qd6 {'!' Golod,V.} 15. Ne2 {'?' Golod,V.
Golod,V: 'I blundered,because I didn't see 17...Ne3,in case of 17.0-0'} (15.
Nf3 {could again be met by} Nfxe4 16. Bxe4 f5 (16... f5 {Golod,V} 17. Bd3 e4
18. Be2 exf3 19. Bxf3 Re8+ 20. Kf1 (20. Kf2 $2 g5 21. Bg3 f4 $19 {[%csl Rg3]})
20... Bd7 {=/+/-/+})) ({After:} 15. Bxf6 {Golod,V} Qxf6 16. Nf3 Bd7 {black has
a big positional advantage}) 15... Ng4 {'-/+' Golod,V. [xe3]} 16. Nc1 (16. Qb1
{Golod,V} Ne3 17. Kf2 $140 Ng4+ 18. Ke1 f5 $17 {(now "castle" - impossible
move)}) 16... f5 $1 {[ White was late with his development, and thus lost the
struggle in the centre. Black is winning.]   Golod,V: 'Full domination.It's
difficult to give a good advise for white.'} 17. h3 (17. O-O $2 {Golod,V} Ne3
$19 {[%csl Rc2,Rf1]}) 17... fxe4 {'!' Golod,V.} ({A little worse is:} 17... Ne3
{Golod,V} 18. Qe2 f4 19. Rg1 $17) 18. hxg4 ({Also loses:} 18. Bxe4 {Golod,V}
Ne3 19. Qe2 Nxe4 20. Qxe3 Qxd5 $19) 18... exd3 19. Nxd3 Qxd5 {'-+' Golod,V.}
20. Nf2 ({Impossibly:} 20. Nxc5 {Golod,V} Qxc5 $140 {[%csl Gc5,Re1][%cal Gc5e3]
} 21. Bf2 {in view of:} Rxf2 $1 22. Qxf2 Qxc3+ 23. Ke2 Bxg4+ $19) 20... Bxg4 $1
(20... Qxg2 $143 {Golod,V} 21. O-O-O) 21. O-O (21. Nxg4 Nd3+ $19 (21... Nd3+ {
Golod,V} 22. Ke2 (22. Kd1 Nf2+ $19) 22... Qxg2+ 23. Kxd3 e4+ {[%csl Rc2,Yd3,
Ge4,Gg2][%cal Ge4d3]})) 21... Bf5 {Golod,V: 'The rest is the matter of
technics.'} 22. Qe2 Rae8 23. Rfe1 b6 24. a4 Bc8 25. Red1 Qc6 26. Qc4+ Kh8 27.
Nd3 Bb7 (27... Ba6 28. Nb4) 28. Rd2 Ba6 29. Nb4 Bxc4 30. Nxc6 Nb3 {Golod,V:
'Whole this game despite the my mistakes Eduardas Rozentalis conducted very
strong.'} 0-1

[Event "Southwest Class-ch 7th"]
[Site "Dallas"]
[Date "2016.02.14"]
[Round "6"]
[White "Sadorra, Julio Catalino"]
[Black "Liang, Awonder"]
[Result "1/2-1/2"]
[WhiteElo "2514"]
[BlackElo "2379"]
[Annotator "Sadorra,J"]
[PlyCount "114"]
[EventDate "2016.02.11"]
[EventType "swiss"]
[EventRounds "9"]
[EventCountry "USA"]
[SourceTitle "CBM 171"]
[Source "ChessBase"]
[SourceDate "2016.03.14"]
[SourceVersion "2"]
[SourceVersionDate "2016.03.14"]
[SourceQuality "1"]

1. d4 Nf6 2. c4 e6 3. Nc3 Bb4 4. Nf3 {The Kasparov-Romanishin Variation which
was effectively used by Yu Yangi in the critical round of the 2015 Qatar Open.
See Sagar Shah's annotation of this game in his fantastic ChessBase report for
the 9th round of the event.} O-O ({Other popular continuations here are} 4...
b6) ({and} 4... c5) 5. g3 (5. Bg5 $5 {is also worth considering, leading to
Leningrad type positions.}) 5... d5 6. Bg2 dxc4 7. O-O Nc6 8. a3 $5 {I know
that this line objectively has a dubious reputation, but once again I chose it
for surprise purposes.} Be7 9. e4 Na5 ({A more standard plan is} 9... a6 {
followed by ...b5, ...Bb7 and ...Na5 at some point.}) 10. Be3 ({Another way to
play for compensation here is} 10. Qe2) 10... Nb3 11. Rb1 c5 12. dxc5 Nxc5 (
12... Bxc5 $6 13. Bxc5 Nxc5 14. e5 $1 $146 (14. Qxd8 $6 {leads to a postion
that's too simple to pose Black any problems.} Rxd8 15. Ne5 b6 16. Nc6 Re8 17.
e5 Nd5 18. Nxd5 exd5 19. Bxd5 Bb7 20. f4 Rad8 21. Bh1 Rd7 22. Rfd1 Rxd1+ 23.
Rxd1 g5 24. Rd4 gxf4 25. gxf4 Bxc6 26. Bxc6 Rc8 27. Bb5 Ne6 28. Rxc4 Rxc4 29.
Bxc4 Nxf4 30. Kf2 Kf8 31. Ke3 Ng6 32. Ke4 Ke7 33. b4 Nh4 34. Be2 Ng6 35. Bg4
Nh4 36. Kd5 Ng6 37. Bf5 h6 38. Bxg6 fxg6 39. e6 b5 40. Kc5 g5 41. Kxb5 g4 42.
Kc5 h5 43. Kd5 h4 44. Ke4 Kxe6 45. Kf4 g3 46. hxg3 hxg3 47. Kxg3 Kd5 48. Kf4
Kc4 49. Ke5 Kb3 50. Kd5 Kxa3 {1/2-1/2 (50) Nguyen Huynh Minh Huy (2496)
-Hossain,E (2436) Al-Ain UAE 2015}) 14... Nd5 15. Qd4 Nxc3 (15... b6 16. Rfd1
$36) 16. Qxc3 Bd7 17. Qxc4 Rc8 18. Rfd1 $14 {with a standard Catalan-type of
edge.}) ({A better way to fight for equality may be} 12... Ng4 13. Bf4 e5 (
13... Bxc5 14. e5 $14 {the c8-B is still a problem}) 14. Nxe5 Nxe5 15. Bxe5
Bxc5 (15... Nd2 $6 16. Nd5 $1 Nxb1 17. Nxe7+ Qxe7 18. Bd6 Qd7 19. Qxb1 Re8 20.
e5 $44 {with more than enough compensation} Qb5 21. Qc2 Bd7 22. Bd5 Be6 23. Be4
a6 $2 {and here in Zontakh,A (2541)-Yaksin,O (2400) Dagomys 2010, the best way
to continue is the simple:} 24. Bxh7+ Kh8 25. Be4 g6 26. f4 $18 {with a
winning attack!}) 16. Qh5 {but it's still easier to play for White in practice.
}) 13. Ne5 Bd7 {Played after a long think, which is the correct decison.} ({
He probably smelled danger if he takes the pawn, though it's not so clear on
the surface} 13... Qc7 14. Nxc4 Ncxe4 15. Nxe4 Qxc4 16. Rc1 Qb5 17. a4 $1 {
the key idea, undermining the active placement of his Q but of course it must
work concretely:} (17. Nd6 Bxd6 18. Qxd6 Nd5 $1 {White surely has compensation
but not more as there's no way to break through without giving up the monster
on g2.}) 17... Qxb2 18. Bd4 Qb4 (18... Qa3 {faces the same reply}) 19. Nxf6+
gxf6 (19... Bxf6 20. Bc5 $16) 20. Qg4+ Kh8 21. Bxf6+ $18) 14. Nxc4 Bc6 $6 {
Black probably missed something in his calculations.} 15. Ne5 $1 Qxd1 16. Rfxd1
Be8 17. Nc4 {With the idea to unleash the monster on g2. I was happy to find
this back-and-forth manoeuvre, showing that my thinking is free from
stereotypes & assumptions! But the main reason lies in the concrete changes
that have occurred in the position.} Ng4 $1 {Black tries to disturb my
coordination and simplify the position to relieve the pressure.} ({Now if} 
17... Bc6 {I have} 18. Na5 {which wasn't possible with his queen on d8 - the
concrete change.}) 18. Bf4 g5 $1 19. Bc7 $5 {It's either I get to keep more
pieces or I make his rook more vulnerable.} Rc8 20. Bd6 Bxd6 21. Nxd6 Rd8 22.
b4 Na4 {So far things are holding for Black tactically.} 23. Ne2 {But
positionally White still remains better due to his better piece placement and
space advantage.} (23. Nxb7 Rb8 24. Nxa4 Bxa4 $17 25. Rd4 e5 $1 (25... Rxb7 26.
e5)) 23... b5 24. Bh3 Ne5 25. f4 gxf4 26. gxf4 Nc4 27. Nxc4 Rxd1+ 28. Rxd1 bxc4
29. Kf2 Bc6 $5 {Going for active play before I tied him down on c4.} ({During
the game, I wasn't really sure if the normal defence of the c-pawn is bad for
him} 29... Bb5 30. Rg1+ $5 (30. Ke3 Rc8 31. Nd4 a6) 30... Kh8 31. Ke3 Rg8 32.
Rc1 Rc8) 30. Ke3 f5 31. Ng3 (31. Rd6 Bxe4 32. Rxe6 Rd8 $132) 31... Nc3 32. Rd4
Nxe4 {The critical moment.} 33. Rxc4 ({The other choice was better, as it
doesn't allow any counterplay at all!} 33. Nxe4 Bxe4 34. Rxc4 Rd8 35. Rd4 {
with the idea of} Rc8 36. Rxe4 $1 Rc3+ 37. Kd4 Rxh3 38. Rxe6 Rxa3 39. Ke5 {
with a better rook ending, but when I saw this I wasn't sure how great my
winning chances were in this rook ending, with all its trickiness.}) 33... Bb5
34. Rc7 Rd8 $1 {This is what I underestimated.} 35. Bf1 ({I was originally
planning to play} 35. Nxe4 Rd3+ 36. Kf2 fxe4 37. Bxe6+ Kf8 {but I noticed how
easily his pawn could push forward and how difficult it was for me to stop it!}
38. Rxa7 e3+ 39. Kf3 (39. Ke1 e2 $1 (39... Rc3)) 39... e2+ $1 (39... Bc6+ 40.
Ke2 Bb5 41. Rb7) 40. Kxe2 Rd6+) 35... Nf6 $1 {A nice active follow-up.} 36. Kf2
(36. Rxa7 Ng4+ 37. Kf3 Nxh2+ {could only lead to trouble.}) 36... Ng4+ 37. Ke1
a6 $1 {Otherwise, my queenside majority decides the game.} (37... Bxf1 $2 38.
Nxf1 Rd4 (38... a6 39. Rc6) 39. Rxa7 Re4+ 40. Kd1 $1 Rxf4 41. Nd2 {and White
should have better chances in the upcoming pawn race.}) 38. Bxb5 axb5 39. Nh5
Rd3 40. Rg7+ Kf8 41. Ra7 {Keeping the tension on the board.} Rh3 {My opponent
has been playing the ending well up to this point. But now he loses the thread:
} 42. Ng7 Rh6 $2 ({It was better to stay put} 42... Re3+ 43. Kd2 Re4 $11) 43.
a4 $1 {It was his turn to underestimate the enemy's resource :-)} bxa4 44. b5
e5 45. Nxf5 {This position is very tricky for Black.} Rf6 (45... Re6 46. Ra6 $1
Kf7 47. Nd6+ $16) (45... Rb6 46. Ra6 $1 Rb8 (46... Rxb5 $2 47. Ra8+ Kf7 48.
Nd6+) 47. h3 Nh2 48. Kf2 Kf7 49. fxe5 $18) 46. h3 $1 Rxf5 47. hxg4 Rf6 (47...
Rxf4 48. b6 Rb4 49. b7) 48. Rxa4 Rb6 49. Rb4 exf4 50. Kf2 {The game has now
transformed into a much better simple rook ending.} Ke7 51. Kf3 Kd6 52. Kxf4
Kc5 53. Rb1 Kd5 {Unfortunately, with energy low, I rushed into playing a move
and let my guard down!} 54. g5 $4 ({The transfer of the king to h5 should
eventually win} 54. Kg5 Ke4 55. Kh5 h6 56. Re1+ Kf4 57. Rf1+ Ke4 (57... Kg3 58.
Rf5 Kh3 59. Rf3+ Kh2 60. Rc3) 58. Rf5 Ke3 59. Rf7 Ke4 60. Rh7 Rxb5+ 61. Kxh6
Kf4 62. Rg7) (54. Rh1 $5 {should also work.}) 54... h6 55. gxh6 Rxh6 56. b6 Rh8
57. b7 Rb8 {It's sad to see how all winning chances vanish after a single
error!} 1/2-1/2

[Event "Qatar Masters op"]
[Site "Doha"]
[Date "2015.12.22"]
[Round "3"]
[White "Mamedyarov, Shakhriyar"]
[Black "Lenderman, Aleksandr"]
[Result "1-0"]
[WhiteElo "2748"]
[BlackElo "2626"]
[Annotator "Sagar Shah/CB Website"]
[PlyCount "71"]
[EventDate "2015.12.20"]
[EventType "swiss"]
[EventRounds "9"]
[EventCountry "QAT"]
[SourceTitle "CBM 170"]
[Source "ChessBase"]
[SourceDate "2016.01.15"]
[SourceVersion "1"]
[SourceVersionDate "2016.01.15"]
[SourceQuality "1"]

1. d4 Nf6 2. c4 e6 3. Nf3 Bb4+ 4. Nc3 c5 5. g3 Nc6 6. Bg2 Ne4 7. Bd2 Nxd2 8.
Qxd2 cxd4 9. Nxd4 Qb6 10. e3 Ne5 11. b3 Qa5 12. Rc1 O-O 13. O-O a6 14. Rfd1 Ba3
15. Rc2 Rb8 16. Qe2 Rd8 17. h3 Be7 18. f4 Nc6 19. Kh2 Nb4 20. Rcc1 Nc6 21. Qd3
Ba3 {Up until this point Black has been doing not much, just trying to
inconvenience the white pieces by attacking them with ...Ba3 or ...Nb4.
Mamedyarov finally has enough and decides to sharpen the play by sacrificing
an exchange.} 22. Bxc6 $5 {I should give this a dubious mark, but the
refutation is not at all easy to see and we should credit Mamedyarov's
creativity.} Bxc1 (22... dxc6 $1 {What is happening here? Isn't the rook on c1
hanging and c5 threatened?} 23. Nxc6 {was the idea prepared by Mamedyarov.}
Rxd3 24. Nxa5 {and maybe at this point Lenderman saw that he has to take on d1
and then after Rd1 he is badly tangled up as the bishop on c8 cannot develop
and Rd8+ is threatened. But here he has a superb move which gives him a clear
advantage. And maybe this is what both the players missed.} Rd7 $3 {The
c1-rook is still attacked, and if it moves to b1 then ...Bb4 is extremely
strong. On the other hand Rxd7 is met by ...Bxd7 and Black simply has the
bishop pair and the knight on a5 is not at all well placed.} 25. Rxd7 (25. Rb1
Bb4) 25... Bxd7 26. Rd1 Be8 $1 {and b6 is going to trap the knight!}) 23. Be4
$1 Bb2 $6 (23... Ba3 24. Bxh7+ Kf8 $13 {White has to prove his compensation
here, but knowing the way Mamedyarov plays we can be sure that he would have
enjoyed handling this position as white.}) 24. Nxe6 $5 {A brilliant creative
sacrifice. What exactly is happening? Just follow the Shak!} fxe6 25. Bxh7+ Kh8
(25... Kf7 26. Ne4 {is also a strong attack with Ng5+ coming up.}) 26. Ne4 Rf8
(26... Qh5 27. Ng5 $18 {[%cal Gh7g6,Gg5f7]}) (26... Bf6 {might have been the
best. Let's try to make a few moves here.} 27. Nd6 $1 Rf8 28. Bg6 Kg8 29. Qe2
$18 {[%cal Gf4f5,Ge2h5] is most probably what Mamedyarov was planning with f5
followed by Qh5. This looks like a crushing attack.}) 27. Bg6 Kg8 28. Qe2 Bf6
29. c5 {Cutting the queen off on a5 and getting ready to play Qh5.} Bc3 30. Qh5
Rf5 31. Bxf5 (31. Qh7+ Kf8 32. Qh8+ Ke7 33. Qe8# {Ok, this should not have
been missed!}) 31... exf5 32. Qe8+ Kh7 33. Ng5+ Kh6 34. Rd6+ Bf6 35. Qh8+ Kg6
36. Qh7# {A spectacular game by the Azeri player who used his brilliant
intuitive and imaginative powers to beat his American opponent.} 1-0

[Event "FIN-SWE"]
[Site "Helsinki"]
[Date "1991.??.??"]
[Round "2"]
[White "Yrjola, Jouni"]
[Black "Andersson, Ulf"]
[Result "1-0"]
[WhiteElo "2500"]
[BlackElo "2625"]
[Annotator "Schussler,H"]
[PlyCount "80"]
[EventDate "1991.??.??"]
[EventType "team"]
[EventRounds "2"]
[EventCountry "FIN"]
[SourceTitle "CBM 026"]
[Source "ChessBase"]
[SourceDate "1992.02.01"]
[SourceVersion "1"]
[SourceVersionDate "1992.02.01"]
[SourceQuality "1"]

1. d4 Nf6 2. c4 e6 3. Nc3 Bb4 4. f3 c5 5. d5 Bxc3+ (5... b5 $5) (5... Nh5 $5)
6. bxc3 d6 7. e4 O-O 8. Ne2 (8. Bd3 Nbd7 {/\ Ne5}) 8... Re8 9. Ng3 Nbd7 (9...
Qa5 10. Bd2 Bd7 11. Be2 (11. a4 $2 exd5 12. cxd5 Nxd5 13. c4 Nb4) 11... Ba4 12.
Qc1 Nbd7) 10. Be2 Ne5 (10... Nf8 11. O-O e5) 11. O-O Ng6 12. dxe6 $1 {
verhindert 12...e5} Bxe6 (12... Rxe6 13. Nf5 {/\ Nf5-e3}) 13. f4 Bd7 14. Qxd6
Nxe4 15. Nxe4 Rxe4 16. Bf3 Re7 $1 (16... Rxc4 17. Rd1 Nf8 18. Qd3 $1 Ra4 19.
Bxb7 Rb8 20. Bc6) 17. Qxc5 (17. Bxb7 Rb8 18. Bd5 Qb6 19. Qxb6 axb6) 17... Bc6
$1 18. Bxc6 Rc7 19. f5 Rxc6 20. Qd4 Nf8 21. c5 Qe7 22. Be3 Nd7 23. Rae1 Nxc5 $2
(23... f6 24. Bf2 Qf7 25. Qb4 Ne5 26. Rd1) 24. f6 Qe4 (24... gxf6 25. Bh6 Ne6
26. Qg4+ Kh8 27. Bg7+) 25. fxg7 b6 $6 (25... Qxd4 26. Bxd4 Ne6 27. Bf6) 26. Bg5
Qg6 27. Qd5 Rac8 28. Re7 Re6 (28... Ne6 29. Rexf7 Qxg5 30. Rf8+ Kxg7 31. Qd7+)
29. Rexf7 $2 (29. Rxa7) 29... Qxf7 30. Rxf7 Kxf7 31. Qf5+ (31. Be3 $5) 31...
Kg8 32. Be3 (32. Bh6 Ree8) 32... Rce8 33. Bxc5 bxc5 34. Qxc5 R6e7 35. h4 Rxg7
36. Qd5+ Rf7 37. c4 Ree7 38. c5 h6 39. h5 Kh7 40. c6 Rg7 1-0

[Event "Lloyds Bank op 17th"]
[Site "London"]
[Date "1993.??.??"]
[Round "7"]
[White "Plaskett, H James"]
[Black "Speelman, Jonathan S"]
[Result "0-1"]
[WhiteElo "2470"]
[BlackElo "2605"]
[Annotator "Speelman,J"]
[PlyCount "50"]
[EventDate "1993.08.??"]
[EventType "swiss"]
[EventRounds "10"]
[EventCountry "ENG"]
[SourceTitle "CBM 038"]
[Source "ChessBase"]
[SourceDate "1994.02.01"]
[SourceVersion "1"]
[SourceVersionDate "1994.02.01"]
[SourceQuality "1"]

1. d4 Nf6 2. c4 e6 3. Nc3 Bb4 4. g3 O-O 5. Bg2 Nc6 $5 6. Nf3 b6 7. Ne5 $5 Bb7
8. Bg5 (8. Qa4 Bxc3+ 9. bxc3 Na5 10. Bxb7 Nxb7 11. Bg5 Nd6 12. Bxf6 gxf6 $1 13.
Ng4 $13 (13. Nxd7 $2 b5) (13. Nd3)) 8... Nxe5 $8 9. Bxf6 $2 (9. Bxb7 Nxc4 10.
Bxa8 (10. Bxf6 Qxf6 11. Bxa8 Nxb2 $5 (11... Bxc3+ 12. bxc3 Rxa8 $44) 12. Qb3
Qxd4 13. O-O $13) 10... Qxa8 11. O-O Bxc3 12. bxc3 Ne4 13. Bc1 $44) 9... Qc8 $1
10. Bxe5 Bxg2 11. Rg1 Bxc3+ $1 12. bxc3 Bb7 {xc4,c3} 13. c5 $6 d6 $1 14. cxd6
$2 (14. Bf4 bxc5 (14... e5 $5) 15. f3 $17) 14... cxd6 15. Bxd6 Rd8 16. Bf4
Qxc3+ 17. Kf1 Rxd4 $19 18. Qc1 Qa5 19. Be3 Rd7 20. f3 Rc8 21. Qb2 Rc3 $1 22.
Bf2 (22. Kf2 Rxe3 23. Rgd1 (23. Kxe3 Qc5+ 24. Kf4 g5+ 25. Kg4 Qf5+ 26. Kh5 h6)
23... Qc5 $1 $19) (22. Bd2 Rxf3+ 23. exf3 Rxd2) 22... Qe5 $1 23. Rb1 Qc7 24.
Kg2 Rc2 25. Rgc1 Bxf3+ $1 (25... Bxf3+ 26. exf3 Rxb2 27. Rxc7 Rxf2+ 28. Kxf2
Rxc7 $19) 0-1

[Event "ARG-ch"]
[Site "Buenos Aires"]
[Date "1998.04.21"]
[Round "6"]
[White "Ricardi, Pablo"]
[Black "Szmetan, Jorge"]
[Result "1-0"]
[WhiteElo "2555"]
[BlackElo "2420"]
[Annotator "Tisdall,J"]
[PlyCount "41"]
[EventDate "1998.04.15"]
[EventType "tourn"]
[EventRounds "15"]
[EventCountry "ARG"]
[EventCategory "9"]
[SourceTitle "CBM 065"]
[Source "ChessBase"]
[SourceDate "1998.08.06"]
[SourceVersion "1"]
[SourceVersionDate "1998.08.06"]
[SourceQuality "1"]

1. Nf3 Nf6 2. c4 c5 3. Nc3 e6 4. d4 cxd4 5. Nxd4 Bb4 6. g3 O-O 7. Bg2 d5 8. Qb3
Bxc3+ 9. bxc3 dxc4 10. Qa3 Nbd7 (10... Qb6) 11. O-O a6 (11... Nb6 12. Nb5 Bd7
13. Nd6 Bc6 14. Bxc6 bxc6 15. Rd1 Qe7 16. e4 Rfd8 17. e5 Nfd5 18. Qa5 h6 19.
Rd4 f6 20. Nxc4 c5 21. Ba3 Rac8 22. Re1 Qc7 23. Rh4 g5 24. Rxh6 Nxc4 25. Qa6
Nxe5 26. Qxe6+ Kg7 27. Rxf6 Nxf6 28. Rxe5 Rd1+ {0-1 Ubilava,E-Tukmakov,V/
URS-FL 1986}) 12. Rd1 Rb8 (12... Qc7 $142 $5 13. Nb5 $140 Qe5 14. Nd6 Qxe2 15.
Be3 $32 {[%csl Ra6,Rb7,Rc4,Rc8] gives white similar pressure to the game, but
black has more material to sell back.}) 13. Qd6 Re8 (13... Qb6 14. Ba3 Re8 15.
Rab1) 14. Rb1 Qa5 15. Ba3 e5 16. Nf5 $32 {[%csl Rb7,Rc8]} Re6 17. Qb4 Qxb4 18.
Bxb4 g6 19. Ne7+ Kg7 20. Ba3 Rb6 21. Nxc8 {A peculiar time to resign - perhaps
the game score is incomplete?} (21. Nxc8 Rxc8 22. Bxb7 Rc7 (22... Rb8 23. Rxb6
Nxb6 24. Bc6 Rc8 25. Rd6 $16) 23. Bg2 $16) 1-0